| 000 | 00600cam a22002291 4500 | ||
|---|---|---|---|
| 001 | sa 68006603 | ||
| 003 | DLC | ||
| 005 | 20260227112517.0 | ||
| 008 | 890508s1965 xx 000 0 beno | ||
| 010 | _asa 68006603 | ||
| 035 | _a(OCoLC)23574245 | ||
| 040 |
_aDLC _cMiU _dDLC |
||
| 050 | 0 | 0 |
_aB753.G33 _bT32 1965 |
| 100 | 1 |
_aGhazzālī, _d1058-1111. |
|
| 240 | 1 | 0 | _aTahāfut al-falāsifah |
| 245 | 1 | 0 | _aTahāphutula phalāsiphā. |
| 260 | _c[1965] | ||
| 300 |
_a3, 14, 241, 4 p. _c24 cm. |
||
| 500 | _aRomanized. | ||
| 650 | 0 | _aIslam and philosophy | |
| 700 | 1 |
_aAdamuddin, Abul Qasam, _d1910- |
|
| 999 |
_c81380 _d81380 |
||